=LDR 00000nam 2200000 4500 =001 NUTBA000000000003329 =005 20140814120002.0 =006 =007 =008 =035 ##$$a 0010-081400000000174 =082 ##$$a R.423.1 =100 ##$$aMANRU.S.P =245 ##$$aKAMUS 5 MILYAR INGGRIS-INDONEAIA, INDONESIA -INGGRIS =260 ##$$a JAKARTA $b GALI ILMU =850 ##$$a NBPNMAT =990 ##$$a 0001/BPAP-NTB/20142014